000 01005cam a2200217 4500
001 ##L131757
008 051206n2003 000 0 eng u
020 _a186081607X
035 _a(Sirsi) u131757
041 0 _aeng
050 0 4 _a658.45 $2 18
100 1 _aStupart, Alastair
245 0 0 _aConstruction site communication
_bmasonry
260 _aLondon
_bBRE
_c2003
300 _a6p
_bill
_c30cm
490 0 _aBRE Good Building Guide
_vGBG 54 Part 2
520 _aThis two part guide advises on how communication can be improved to and around a construction site, and is relevant to all trades and work activities on site. Part one gives advise applicable across an entire building project. Part two deals specifically with communications on projects where masonry is being built, and also contains a box containing advice applicable across the whole construction project.
651 4 _aUnited Kingdom
_y
690 _aMANAGEMENT-PROJECT MANAGEMENT-PROJECT COMMUNICATION MANAGEMENT
942 _n0
999 _c104829
_d104829